[Event "Preinscritos IRT Online"]
[Site "Chess.com INT"]
[Date "2020.12.26"]
[Round "4"]
[White "Cedeno Quinde, Samuel Andres"]
[Black "Berrezueta Guaman, Tania Karina"]
[Result "0-1"]
[WhiteElo "599"]
[BlackElo "928"]
[PlyCount "92"]
[EventDate "2020.12.26"]
[EventType "swiss"]
[EventRounds "11"]
[EventCountry "ECU"]
[SourceTitle "CBM 200 Extra"]
[Source "ChessBase"]
[SourceDate "2021.03.31"]
[SourceVersion "1"]
[SourceVersionDate "2021.03.31"]
[SourceQuality "1"]

1. d4 Nf6 2. Nf3 g6 3. Nc3 Bg7 4. e4 Ng4 5. h3 Nh6 6. e5 d6 7. exd6 Qxd6 8. a4 Qe6+ 9. Be3 Bd7 10. Qd2 Nc6 11. d5 Qf5 12. dxc6 Bxc6 13. Bxh6 Qe6+ 14. Be2 Bxh6 15. Qxh6 0-0-0 16. 0-0 Kb8 17. Rad1 Qc8 18. Rd3 Rxd3 19. Bxd3 Bxf3 20. gxf3 Qe6 21. Bxg6 fxg6 22. Qg7 Rg8 23. Qxg8+ Qxg8 24. Nd5 Qxd5 25. b3 Qf7 26. c4 a6 27. a5 Ka7 28. f4 Qxf4 29. f3 Qg5+ 30. Kf2 Qd2+ 31. Kg1 Qxa5 32. h4 Qc3 33. Rb1 Qxf3 34. Kh2 Qf4+ 35. Kh3 Qf5+ 36. Kg3 Qxb1 37. Kf4 Qxb3 38. Ke4 Qxc4+ 39. Ke3 Qxh4 40. Kf3 g5 41. Ke3 g4 42. Kf4 g3+ 43. Kf3 Qh3 44. Kf4 g2 45. Kg5 g1Q+ 46. Kf4 Qge3# 0-1

[Event "Preinscritos IRT Online"]
[Site "Chess.com INT"]
[Date "2020.12.26"]
[Round "1"]
[White "Cedeno Quinde, Samuel Andres"]
[Black "Cajamarca Gordillo, Sebastian Alejandro"]
[Result "0-1"]
[WhiteElo "599"]
[BlackElo "1670"]
[PlyCount "50"]
[EventDate "2020.12.26"]
[EventType "swiss"]
[EventRounds "11"]
[EventCountry "ECU"]
[SourceTitle "CBM 200 Extra"]
[Source "ChessBase"]
[SourceDate "2021.03.31"]
[SourceVersion "1"]
[SourceVersionDate "2021.03.31"]
[SourceQuality "1"]

1. d4 Nf6 2. Nc3 d6 3. Nf3 Nbd7 4. a4 c5 5. h4 g6 6. e3 Bg7 7. dxc5 Nxc5 8. e4 0-0 9. e5 dxe5 10. Nxe5 Qc7 11. Nxg6 fxg6 12. Bb5 Qe5+ 13. Be3 Ng4 14. f3 Nxe3 15. Qe2 Nxc2+ 16. Kd2 Nb3+ 17. Kd3 Bf5+ 18. Qe4 Qd4+ 19. Ke2 Bxe4 20. Kf1 Nd2+ 21. Ke2 Bxf3+ 22. gxf3 Rxf3 23. Kd1 Nb4 24. Re1 Nb3+ 25. Ke2 Rf2# 0-1

[Event "Preinscritos IRT Online"]
[Site "Chess.com INT"]
[Date "2020.12.26"]
[Round "10"]
[White "Cedeno Quinde, Samuel Andres"]
[Black "Ramos Reategui, Mario Richardson"]
[Result "1-0"]
[WhiteElo "599"]
[BlackElo "813"]
[PlyCount "73"]
[EventDate "2020.12.26"]
[EventType "swiss"]
[EventRounds "11"]
[EventCountry "ECU"]
[SourceTitle "CBM 200 Extra"]
[Source "ChessBase"]
[SourceDate "2021.03.31"]
[SourceVersion "1"]
[SourceVersionDate "2021.03.31"]
[SourceQuality "1"]

1. e4 e5 2. d4 exd4 3. e5 Nc6 4. Nf3 f6 5. Qe2 fxe5 6. Nxe5 Nxe5 7. Qxe5+ Be7 8. Qxd4 b6 9. Qxg7 Bc5 10. Qxh8 Qe7+ 11. Be2 Qf8 12. c3 Qxf2+ 13. Kd2 Be3+ 14. Kd3 Bb7 15. Qxg8+ Ke7 16. Qxh7+ Ke8 17. Rf1 Ba6+ 18. Ke4 d5+ 19. Kxd5 Qxg2+ 20. Ke5 Qg5+ 21. Ke4 Bb7+ 22. Kd3 Rd8+ 23. Kc4 b5+ 24. Kb4 c5+ 25. Kb3 c4+ 26. Kb4 a5+ 27. Kxa5 Bc5 28. Qxb7 Qd5 29. Qxb5+ Rd7 30. Bxc4 Qa8+ 31. Qa6 Bb6+ 32. Kb5 Rd5+ 33. Bxd5 Qxd5+ 34. Kxb6 Qd6+ 35. Ka5 Qc5+ 36. Qb5+ Qxb5+ 37. Kxb5 1-0

[Event "Preinscritos IRT Online"]
[Site "Chess.com INT"]
[Date "2020.12.26"]
[Round "11"]
[White "Muniz Mosquera, Matthew Joel"]
[Black "Cedeno Quinde, Samuel Andres"]
[Result "0-1"]
[WhiteElo "405"]
[BlackElo "599"]
[PlyCount "42"]
[EventDate "2020.12.26"]
[EventType "swiss"]
[EventRounds "11"]
[EventCountry "ECU"]
[SourceTitle "CBM 200 Extra"]
[Source "ChessBase"]
[SourceDate "2021.03.31"]
[SourceVersion "1"]
[SourceVersionDate "2021.03.31"]
[SourceQuality "1"]

1. e4 e5 2. Qh5 d6 3. Bb5+ Bd7 4. Bc4 Nf6 5. Qf3 h5 6. Nc3 c6 7. b4 b5 8. Bd3 Na6 9. a3 Bg4 10. Qg3 c5 11. Bxb5+ Ke7 12. Bxa6 cxb4 13. axb4 Nxe4 14. Nxe4 Qb6 15. Bd3 Qxb4 16. c3 Qb6 17. Ba3 a5 18. Bxd6+ Kd7 19. Bxe5 Qb2 20. Bd4 Qxa1+ 21. Bb1 Qxb1# 0-1